| 000 | 01067cam a2200289 a 4500 | ||
|---|---|---|---|
| 999 |
_c24931 _d24931 |
||
| 001 | 2510018 | ||
| 005 | 20170130123707.0 | ||
| 008 | 920313s1991 enka b 001 0 eng | ||
| 010 | _a 92130831 | ||
| 020 |
_a0571154336 : _c£95.00 |
||
| 040 |
_aDLC _cDLC _dDLC |
||
| 043 | _aa-cc--- | ||
| 050 | 0 | 0 |
_aNK4165.2 _b.W37 1991 |
| 100 | 1 |
_aWatson, William, _d1917-2007. |
|
| 245 | 1 | 0 |
_aPre-Tang ceramics of China : _bChinese pottery from 4000 BC to 600 AD / _cWilliam Watson. |
| 260 |
_aLondon ; _aBoston : _bFaber and Faber, _c1991. |
||
| 300 |
_a237 p. : _bill. (some col.) ; _c26 cm. |
||
| 440 | 4 | _aThe Faber monographs on pottery and porcelain | |
| 504 | _aIncludes bibliographical references (p. [231]-232) and index. | ||
| 650 | 0 |
_aPottery, Chinese _yTo 618. |
|
| 942 |
_2lcc _cBOOKS _hNK4165.2 .W37 1991 |
||